LEADER 01108nam a2200241 i 4500 001 000000239563 003 CaOOAMICUS 005 20150311000000.0 008 150311n it u000 u ita u 013 $a218468 040 $aSeMil$bita 100 1 $aApeciti, Ennio,$c.$0(OLS)http://semarc/name/10867 245 10$aStoria della formazione dei presbiteri nella Chiesa :$bcorso breve /$cEnnio Apeciti. 260 $a[S.l.] :$bSeminario Arcivescovile di Milano,$c[1994?] 300 $a60 p. ;$c21 cm. 490 0 $aQuaderni di S. Pietro Martire ;$v. 500 $aIn copertina : Comunità Propedeutica. 650 4$aPresbiteri - Storia - Formazione.$0(OLS)http://semarc/subject/42245 830 0$aQuaderni di S. Pietro Martire ;$v.$0(OLS)http://semarc/title/19757 850 $aSeMil 852 $aSeMil$W1$xVenegono$y1$m5D XI 11/30$j189909$B189909$CSeMilBibl$Z2$F200743 $81 996 $6245$aStoria della formazione dei presbiteri nella Chiesa :$bcorso breve$9(OLS)http://semarc/title/341143 996 $6260$a[S.l.] :$bSeminario Arcivescovile di Milano$9(OLS)http://semarc/publisher/44246 LEADER 01243nam a2200241 i 4500 001 000000062141 003 CaOOAMICUS 005 20131023000000.0 008 131023s1850 it u000 u ita u 013 $a33313 040 $aSeMil$bita 100 1 $aRosmini, Antonio,$c.$0(OLS)http://semarc/name/405 245 10$aSul principio la legge dubbia non obbliga e sulla retta maniera di applicarlo :$bLettere di Antonio Rosmini Serbati con una risposta di Monsignor Scavini ed una replica alla medesima. 260 $aCasale :$bTip. di Andrea Casuccio,$c1850. 300 $a107 p. ;$c23 cm. 650 4$aTeologia morale.$0(OLS)http://semarc/subject/91 700 1 $aScavini, Pietro <1791-1869>.$0(OLS)http://semarc/name/12283 850 $aSeMil 852 $aSeMil$W1$xVenegono$y1$m2L III 2 FA$j28294$B28294$CSeMilBibl$Z2$F28297 $8I 900 1 $aRosmini Serbati, Antonio. 996 $6245$aSul principio la legge dubbia non obbliga e sulla retta maniera di applicarlo :$bLettere di Antonio Rosmini Serbati con una risposta di Monsignor Scavini ed una replica alla medesima$9(OLS)http://semarc/title/97790 996 $6260$aCasale :$bTip. di Andrea Casuccio$9(OLS)http://semarc/publisher/42361